| 000 | 00678nam a2200217 i 4500 | ||
|---|---|---|---|
| 001 | 136493 | ||
| 003 | ES-MaACL | ||
| 005 | 20251103224234.0 | ||
| 007 | t| | ||
| 008 | 070214s1956 es r ||||1| spa d | ||
| 100 | 1 |
_aSáenz, Vicente. _9220237 |
|
| 245 | 1 | 0 |
_aMorelos y Bolívar / _cVicente Sènz. |
| 250 | _a1ª. ed. | ||
| 260 |
_aSan Salvador : _bMinisterio de Cultura, _c1956. |
||
| 300 |
_a124 p. ; _c21 cm. |
||
| 600 | 1 | 7 |
_aMorelos y Pavón, José María, _d1765-1815 _2 _9161910 |
| 600 | 1 | 4 |
_aBolívar, Simón, _d1783-1830 _929964 |
| 710 | 1 |
_aEl Salvador. _bMinisterio de Cultura. _93462 |
|
| 852 |
_aES-MaACL _jC-14233 _bR.41960 |
||
| 999 |
_c136493 _d136493 |
||